| 000 | 00370cam a2200145ua 4500 | ||
|---|---|---|---|
| 003 | OSt | ||
| 008 | 231027b |||||||| |||| 00| 0 eng d | ||
| 041 | _aeng | ||
| 082 |
_a628 _bSAW/CH |
||
| 100 |
_aSawyer Cair , N . _95553 |
||
| 245 | _aChemistry for sanitary engineers / | ||
| 260 |
_aNew York : _bMcGraw Hill Book Company , _c1960. |
||
| 300 | _a367 ; . | ||
| 942 | _cBK | ||
| 999 |
_c2721 _d2721 |
||